LEADER 00928nam0-2200313---450- 001 990008224250403321 005 20051114160727.0 035 $a000822425 035 $aFED01000822425 035 $a(Aleph)000822425FED01 035 $a000822425 100 $a20051114d1914----km-y0itay50------ba 101 0 $aeng 102 $aGB$aUS 105 $ay-------001yy 200 1 $aGentral and south America$fby William R. Shepherd 210 $aLondon$cWilliam and Norgate$aNew York$cH. Holt$d1914 215 $a256 p.$d20 cm 225 1 $aHome University Library of modern knowledge$iHistory and Geography 610 0 $aAmerica Centrale 610 0 $aAmerica Meridionale 700 1$aShepherd,$bWilliam R.$0108483 801 0$aIT$bUNINA$gRICA$2UNIMARC 901 $aBK 912 $a990008224250403321 952 $aK-01-037$bIst. 1038$fILFGE 959 $aILFGE 996 $aGentral and south America$9738755 997 $aUNINA